Catalog

Record Details

Catalog Search



Mission road  Cover Image Book Book

Mission road / Rick Riordan.

Riordan, Rick. (Author).

Record details

  • ISBN: 0553801856
  • Physical Description: 293 pages ; 24 cm.
  • Publisher: New York : Bantam Books, c2005.
Subject: Navarre, Tres (Fictitious character).
Private investigators > Texas > San Antonio > Fiction.
Married women > Crimes against > Fiction.
Policewomen > Crimes against > Fiction.
Fugitives from justice > Fiction.
Police murders > Fiction.
Genre: Mystery fiction.

LDR 01016pam a2200313 a 4500
001128538
003CONS
00520140703073304.0
008050310s2005 nyu 000 1 eng
010 . ‡a 2005046404
020 . ‡a0553801856
035 . ‡a(CPomAG)LMN497651
043 . ‡an-us-tx
05000. ‡aPS3568.I5866 ‡bM577 2005
08200. ‡a813/.54 ‡222
1001 . ‡aRiordan, Rick.
24510. ‡aMission road / ‡cRick Riordan.
260 . ‡aNew York : ‡bBantam Books, ‡cc2005.
300 . ‡a293 pages ; ‡c24 cm.
650 0. ‡aNavarre, Tres (Fictitious character).
650 0. ‡aPrivate investigators ‡zTexas ‡zSan Antonio ‡vFiction.
650 0. ‡aMarried women ‡xCrimes against ‡vFiction.
650 0. ‡aPolicewomen ‡xCrimes against ‡vFiction.
650 0. ‡aFugitives from justice ‡vFiction.
650 0. ‡aPolice murders ‡vFiction.
655 7. ‡aMystery fiction. ‡2gsafd
914 . ‡dLMN_cm
959 . ‡i32269000754013 ‡lF Rio ‡aAdult - Fiction ‡tFiction ‡g24.00
852 . ‡p32269000754013 ‡jF Rio ‡gAdult - Fiction ‡cFiction ‡y24.00 ‡bSBPL
901 . ‡a128538 ‡bUnknown ‡c128538 ‡tbiblio

Additional Resources